[Event "Vladimir op"]
[Site "Vladimir"]
[Date "2002.08.16"]
[Round "1"]
[White "Kholmsky, V."]
[Black "Atalik, Suat"]
[Result "1-0"]
[WhiteElo "2312"]
[BlackElo "2551"]
[Annotator "Atalik,S"]
[PlyCount "79"]
[EventDate "2001.08.16"]
[EventType "swiss"]
[EventRounds "9"]
[EventCountry "RUS"]
[SourceTitle "CBM 091"]
[Source "ChessBase"]
[SourceDate "2002.11.12"]
[SourceVersion "1"]
[SourceVersionDate "2002.11.12"]
[SourceQuality "1"]

1. d4 Nf6 2. c4 e6 3. Nc3 d5 4. Bg5 Be7 5. Nf3 h6 6. Bh4 O-O 7. e3 Nbd7 {
I was so called cautious in the first game.} 8. cxd5 {Not the most ambitious
move but brings the game into Carlsbad Structure.} Nxd5 9. Bxe7 Qxe7 10. Nxd5 (
10. Rc1 N5f6 $1) 10... exd5 11. Bd3 Nf6 {The most natural move.} ({But} 11...
c5 12. dxc5 Nxc5 13. Be2 (13. Nd4 Qg5) 13... Rd8 14. O-O Bf5 (14... Bg4 15. Qd4
Bh5 16. Qb4 Kf8 17. Rfd1 Ne6) 15. Nd4 {looks perfectly playable.} Be4) 12. Qc2
a5 $1 {I like this move. Black shows some aggression also in the queenside
before switching to the kingside where his chances lie.} 13. Rc1 c6 14. O-O Re8
15. a3 a4 {Seems risky but I had already in mind the rook swing.} 16. Rfe1 Ne4
17. Bxe4 (17. Ne5 $5 f6 18. Ng6 Qf7 19. Nf4 f5 $13) 17... dxe4 18. Nd2 (18. Ne5
Ra6 (18... f6 19. Nc4 Ra6)) 18... Ra5 $1 {The point behind black's 15th.} 19.
Qd1 $1 {A good defensive move.} Bf5 {There is nothing wrong with this it was
just one of many options.} (19... Qh4 20. Rc5) (19... Qg5 {looks like one of
the best.} 20. f4 exf3 21. Nxf3 Qd8 $15) (19... Qf6 20. Rc4 Qg6 (20... Rf5 21.
Qc2 $1) 21. Rxa4 Bh3 22. g3 Bg4 23. Qc2 Rf5 $44 24. Nxe4 $140 $2 Rd5) 20. Rc4
Rea8 {Momentarily defending the a pawn.} 21. Qc2 (21. Rb4 R8a6 22. Qc2 c5 $15 {
And black takes over the initiative.}) 21... R8a6 $6 {Spoils alot. After this
part of blacks advantage evaporates.} (21... Be6 22. Rb4 (22. Rc5 Rxc5 (22...
Bd5) 23. dxc5 f5) 22... Bd5 23. Nc4 c5 24. dxc5 Rxc5 25. Qe2 Ra6 26. Nd2 Bc6
$15) 22. Qc3 (22. Rc1 Be6 $1 (22... Rb5 23. Rc5 (23. Rxa4 Rxa4 24. Qxa4 Rxb2
25. Nc4 Rb5 26. Qc2) 23... Rab6) (22... Rb6 23. Rxa4) 23. Qxe4 $140 $2 f5) (22.
Rb4 $6 c5 23. Rc4 cxd4 24. Rxd4 Rc5 25. Qb1 b5 $15) 22... Be6 {Back to the
right track.} (22... Rb5 23. Rc5 Rab6 (23... Rxc5 24. dxc5) 24. Rxb5 Rxb5 25.
Qc2) 23. Rc5 $6 ({Strangely I was counting only on} 23. Rb4 $2 c5 24. dxc5 Rxc5
25. Rxb7 Rxc3 26. Rxe7 Rc2 27. Nxe4 Rb6 28. Ra7 Rbxb2 29. Rxa4 f5 $19) (23. Qb4
$142 Qd7 (23... Qd8 $6 24. Rc5 Bd5 25. Rec1 (25. Qxb7 Rb6) 25... b6 (25... Rxc5
26. dxc5) 26. Rxa5 Rxa5 27. Rc2 (27. Nc4 Bxc4 28. Qxc4 c5 29. d5 $16)) 24. Rc5
Rxc5 25. dxc5 f5 26. Nf1 b6 $132) 23... Rxc5 24. dxc5 Bd5 (24... f5 25. Nf1)
25. Nf1 Ra8 $4 {Unexplainably bad.} (25... Qf6 26. Qb4 $1 (26. Qxf6 $6 gxf6 27.
Rc1 Ra5 28. Ng3 Rb5 29. Rc2 Bb3 30. Rc3 Bd5 $11) 26... Qe7 27. Ng3 (27. Qd4 Ra5
) 27... b6 28. Rc1 bxc5 29. Rxc5 $14) (25... b6 $1 26. cxb6 Rxb6 27. Qd4 (27.
Rd1 Qb7 28. Rd2 Rb3 29. Qd4 Qb6 30. Qxa4 Rxb2 31. Rxb2 Qxb2 $15) 27... Qb7 28.
Qxa4 Rxb2 $15) 26. Ng3 $16 {From this point on whites knight outmatches blacks
bishop.} g6 27. Rd1 f5 28. Rd4 ({Also} 28. Ne2 Bb3 29. Rd6 Rd8 30. Qd4 Rxd6 31.
cxd6 Qd7 32. Qf6 $16 {is very good.}) 28... Qf7 {Black is all tied up.} (28...
Bb3 29. Rd6 Rd8 30. Rxg6+ (30. Qd4 Rxd6 31. cxd6 Qd8 32. Ne2 $16) 30... Kh7 31.
Rd6 Rxd6 32. cxd6 Qxd6 33. Qg7+ $3 Kxg7 34. Nxf5+ Kf6 35. Nxd6 Ke5 36. Nxb7 $18
) 29. Qc2 Ra5 30. Qc3 Ra8 31. Ne2 g5 32. g3 {Too cautious but still white is
winning.} (32. Qd2 Qf8 (32... Rf8 33. g3 Bc4 34. Rd7 Qh5 35. Qd4 Bf7 36. Nc3
$18) 33. Ng3 (33. Qb4 b6) 33... Re8 34. Rxa4 f4 35. exf4 gxf4 36. Nh5 e3 37.
fxe3 fxe3 38. Rg4+ $18) 32... Qe7 (32... Qh5 33. Qd2) (32... Qf8 33. Qb4 Qg7
34. Nc3 Bb3 35. Rd6 $18) 33. Qb4 b5 $2 {Another blunder in a hopeless position.
} (33... h5 34. Nc3 Bb3 35. Rd6 $18) 34. Nc3 $2 ({There is no fork.} 34. cxb6
$1 Qxb4 (34... c5 35. Qb5 $1) 35. Rxb4 Rb8 (35... Kf7 36. Nc3) 36. Nc3 Bb3 37.
g4 $18) 34... Be6 $2 ({Black could try to swindle white with} 34... Qb7 35.
Nxd5 (35. g4 $2 fxg4 36. Nxe4 Qf7) (35. Rd2 $6 Bc4 36. Rd6 Kh7 37. Nb1 (37. g4
Qc8 38. Rd4 Bd3 39. Rd6 Bc4 $11) 37... Re8 38. Qc3 Re6 39. Qd4 Qg7 40. Rd7 Re7
$11) 35... cxd5 36. Qd2 Rd8 37. Qa5 Rc8 38. Qb6 Qxb6 39. cxb6 Rb8 40. Rxd5 Rxb6
41. Rxf5 $18) 35. Rd6 Rc8 36. Qd4 Kf7 37. Qe5 $18 {Black could have resigned
since his all pieces are boxed.} (37. g4 {is also winning.}) 37... Bd7 (37...
Qf6 38. Qxf6+ Kxf6 39. Ne2 Ke5 40. Nd4 Bd5 41. Rxh6 b4 42. Rh5 $1 (42. axb4 Rb8
43. Re6+ Bxe6 44. Nxc6+ Kd5 45. Nxb8 Kc4) 42... bxa3 (42... Kf6 43. h4 bxa3 44.
bxa3 gxh4 45. Rxf5+ Kg6 46. gxh4 Rh8 47. Rg5+ Kf6 48. Rg4 $18) 43. Rxg5 $18)
38. Qd4 Be6 39. Ne2 Rc7 (39... h5 40. Qe5 Bd7 41. Qxe7+ Kxe7 42. Rh6) 40. Qh8 {
Black is helpless!} (40. Qh8 Rd7 41. Rxc6 Rd1+ 42. Kg2 f4 43. Qh7+ Ke8 44.
Qxe7+ Kxe7 45. gxf4 Bg4 46. Nd4 $18) 1-0

[Event "Bled op 21st"]
[Site "Bled"]
[Date "2000.03.01"]
[Round "7"]
[White "Atalik, Suat"]
[Black "Zelcic, Robert"]
[Result "1/2-1/2"]
[WhiteElo "2575"]
[BlackElo "2529"]
[Annotator "Atalik,S"]
[PlyCount "182"]
[EventDate "2000.03.25"]
[EventType "swiss"]
[EventRounds "9"]
[EventCountry "SLO"]
[SourceTitle "EXT 2002"]
[Source "ChessBase"]
[SourceDate "2001.11.25"]
[SourceVersion "1"]
[SourceVersionDate "2001.11.25"]
[SourceQuality "1"]

1. d4 Nf6 2. c4 e6 3. Nf3 d5 4. Nc3 Be7 5. Bg5 O-O 6. e3 h6 7. Bh4 Ne4 8. Bxe7
Qxe7 9. Rc1 c6 10. Bd3 Nxc3 11. Rxc3 dxc4 12. Bxc4 $1 Nd7 13. O-O e5 14. Bb3 $1
(14. h3 $5 e4 15. Nd2 Nf6 16. Qb1 $14) 14... e4 15. Nd2 Nf6 16. Rc5 Bg4 17. Qb1
Nd7 (17... Be2 18. Re1 Bd3 19. Bc2 Bxc2 20. Qxc2 $14) 18. Rc3 Be2 19. Re1 $6 (
19. Rfc1 $142 $1 $14) 19... Bd3 20. Bc2 Bxc2 21. Qxc2 Rfe8 22. a3 Nf6 23. Rc5
Nd7 $1 (23... Nd5 24. Nb1 Qd6 25. Nc3 b6 26. Rc4 $14) 24. Rh5 $5 {Risky} Qe6
25. Qc4 Qg6 26. Rh3 Nb6 27. Qb3 Rad8 28. Rc1 Rd5 29. Nb1 c5 $5 (29... Rg5 30.
Rg3) (29... Rb5 30. Qc2 Rg5 31. Rg3 Rxg3 32. hxg3 Nd5 33. Nc3 Nf6 34. Ne2 $11)
30. dxc5 Rc8 31. Rg3 Rcxc5 32. Rxc5 Rxc5 33. Nc3 Qc6 34. h3 Rc4 (34... Nc4 $6
35. Qd1 Nxb2 36. Qd4 $40) 35. Qd1 Qd7 $5 (35... Nd7 $5 36. Qg4 $1 (36. Qh5 Qe6
37. h4 Ne5 $15 (37... Rc6 $6 38. Qg4 Qxg4 39. Rxg4 f5 (39... Nc5 40. Rf4 Nd3
41. Rxe4 Nxb2 42. Nd5) 40. Rf4 g6 (40... Rc5 41. g4 g6 42. h5 Ne5 43. hxg6 fxg4
$132))) 36... g6 (36... g5 37. h4 Nf6 38. Qd1) 37. Qf4 Kg7 38. Ne2 $13) 36. Qh5
Qe6 37. h4 Rc6 $2 (37... Nd7) 38. Qg4 Qxg4 39. Rxg4 f5 40. Rf4 g6 (40... Rc5 $2
41. g4 g6 42. h5 Rxc3 43. bxc3 Nd5 44. hxg6 Nxf4 45. exf4 fxg4 46. Kg2 Kg7 47.
f5 h5 48. Kg3 b5 49. Kf4 $18) 41. h5 Nc4 42. hxg6 $1 (42. Nd5 $2 Rc5 43. Ne7+
Kf7 44. Nxg6 Nxb2 45. Nh4 Kf6 46. g4 Nd3 47. Rxf5+ Rxf5 48. Nxf5 Kg5 49. Kg2
Kxg4 $11) 42... Nxb2 43. Nd5 Kg7 44. Rxf5 $1 (44. Ne7 $2 Re6 (44... Rc7 45.
Nxf5+ Kxg6) 45. Nxf5+ Kxg6 46. Ng3 Nc4 $132) 44... Rc1+ 45. Kh2 Kxg6 46. Ne7+
Kg7 47. Rb5 Nd3 48. Rxb7 Nxf2 49. Nd5+ Kf8 $2 (49... Kg6 50. Kg3 Nd3 51. Rxa7
$16) 50. Kg3 Nd3 (50... Rd1 51. Kxf2 Rxd5 52. Rxa7 Rd2+ 53. Kg3 Re2 54. Kf4
Rxg2 55. a4 h5 56. a5 h4 57. a6 Ra2 58. Kg4 $18) 51. Rxa7 Rd1 (51... Rc5 52.
Nf6 Rg5+ 53. Kh2 Rg6 54. Nxe4 Re6 55. Ra4 $18) 52. a4 Ne5 53. Ne7 Ke8 (53...
Rf1 54. a5 Rf7 55. Ng6+ $18) 54. Nf5 Rd5 55. Nxh6 Nc6 56. Rc7 Rd6 57. Nf5 Rg6+
58. Kf4 Nd8 (58... Nb4 59. Kxe4 Ra6 60. g4 Rxa4 61. Rc4 $18) 59. Rc2 Ra6 60.
Rc4 Ne6+ 61. Ke5 (61. Kxe4 Rxa4 62. Rxa4 Nc5+ 63. Ke5 Nxa4 64. Kf6 Nc5 65. g4
$18) 61... Kf7 62. Nd6+ Ke7 63. Nb5 Ra8 64. Rc6 Nf8 65. Nc3 Re8 66. Kd5 Ra8 67.
Kxe4 Ra5 68. Rc4 Ne6 (68... Rg5 69. Kf3) 69. g4 Rg5 70. Kf3 Ra5 71. Ne4 Rd5 72.
Ke2 Ra5 73. Kd3 Kd7 74. Kc3 Re5 75. Kb4 Nc7 76. Nc5+ Kd6 77. Ne4+ (77. a5 Rxc5
78. Rxc5 Na6+ 79. Kb5 Nxc5 80. a6 Nxa6 81. Kxa6 $18) 77... Kd7 78. Rd4+ Kc8 79.
Nd6+ Kb8 80. Nc4 Rg5 81. a5 Nd5+ 82. Ka4 Nf6 83. Rf4 Nxg4 84. e4 Ka7 85. Rf5
Rg6 (85... Rxf5 86. exf5 Ka6 87. Nd2 Nf6 88. Nb3 Kb7 89. Kb5 $18) (85... Rg7
86. Kb5 Rb7+ 87. Nb6 $18) 86. Kb5 (86. Ne5 Re6) 86... Rg7 87. Nd6 (87. a6 Re7
88. Nb6 $18) 87... Rc7 (87... Rd7 88. Rf7) 88. Rf7 $6 (88. Rf8 Rh7 89. Nc8+ (
89. a6 Rh5+) 89... Kb8 90. Nb6+ Kc7 91. a6 Rh5+ 92. Nd5+ $18) 88... Rxf7 89.
Nxf7 Nf6 90. e5 (90. Nd6 Nd7 91. Nc4 Nf8 92. e5 Ne6 93. Kc6 Ka6 94. Kd6 Ng7 95.
e6 Kb5 96. e7 $18) 90... Nd5 91. e6 $4 (91. Nd8 Kb8 92. a6 Nc7+ 93. Kb6 Nd5+
94. Kc5 Nc7 95. Nc6+ Kc8 96. Nb4 Kd7 97. a7 Na8 (97... Ke6 98. Kb6) 98. Nd5 $18
) 91... Nc7+ 1/2-1/2

[Event "GRE-chT 31st"]
[Site "Chalkidiki"]
[Date "2002.07.08"]
[Round "3"]
[White "Atalik, Suat"]
[Black "Azmaiparashvili, Zurab"]
[Result "1/2-1/2"]
[WhiteElo "2551"]
[BlackElo "2676"]
[Annotator "Atalik,S"]
[PlyCount "42"]
[EventDate "2002.07.05"]
[EventType "team"]
[EventRounds "8"]
[EventCountry "GRE"]
[SourceTitle "CBM 089"]
[Source "ChessBase"]
[SourceDate "2002.08.12"]
[SourceVersion "1"]
[SourceVersionDate "2002.08.12"]
[SourceQuality "1"]

1. d4 Nf6 2. c4 e6 3. Nf3 d5 4. Nc3 Be7 5. Bg5 h6 6. Bh4 O-O 7. e3 Ne4 8. Bxe7
({I think I was feeling a little bit rusty for the second game of the day.
Otherwise I would have gone for the interesting} 8. Bg3) 8... Qxe7 9. Rc1 c6
10. Bd3 Nxc3 11. Rxc3 dxc4 {This move sort of ticked me off.} (11... Nd7 12.
cxd5 exd5 13. Qb1 Nf6 14. Nd2 Re8 15. O-O Ne4 16. Bxe4 dxe4 17. b4 $14) 12.
Rxc4 $6 {How many times will I go for this toothless line?} (12. Bxc4 Nd7 13.
O-O b6 (13... e5 14. Bb3 $14) 14. Qe2 (14. Bd3 Bb7 15. Be4 Rac8 16. Qc2 Ba6 $11
) 14... Bb7 (14... c5 15. Bb5 $5) 15. Ba6 Bxa6 16. Qxa6 c5 $11) 12... Nd7 13.
Bb1 {Altering into a primitive idea with checkmate.} (13. O-O e5 14. dxe5 Nxe5
15. Re4 Nxf3+ 16. Qxf3 Be6 17. Bc4 Rad8 18. Bxe6 fxe6 19. Qe2 Rd5 20. h4 $11)
13... e5 14. Qc2 f5 $1 {Of course!} (14... g6 15. O-O exd4 16. Nxd4 Ne5 17. Rc3
$14) 15. Nxe5 Nxe5 16. dxe5 Qxe5 17. Rc5 {A rare move.} (17. O-O Be6 18. Rd4
Rad8 (18... Bd5 19. Rf4) 19. Rfd1 Rd5 $1 $11) 17... Qf6 18. O-O (18. Qb3+ $2 {
White can not afford winning a pawn.} Be6 19. Qxb7 Rab8 $19) (18. g4 $6 fxg4
19. Qh7+ Kf7 20. Rc4 Ke7 $17) 18... Be6 19. Qe2 $2 {A very stupid decision!} ({
The following was my original intention.} 19. e4 fxe4 (19... f4 20. e5 Qf5 (
20... Qg5 21. h4 Qg4) 21. Qc3 (21. Qxf5 Bxf5 22. Bxf5 Rxf5 23. g4 Rg5 24. h3
Rd8) 21... Qg5 22. Be4 Rad8 23. a4 $13 {Tkachiev-Morovic Fernandez,Solin 1999.}
) 20. Qxe4 Bd5 21. Qh7+ Kf7 22. Be4 Bxe4 23. Qxe4 Kg8 24. Re5 $11) ({Another
way is} 19. b4 Bd5 20. a4 Qg6 21. g3 Qe6 22. b5) 19... Bd5 $17 20. Bd3 $2 {
Is this how Atalik spits his pawns away?} (20. g3 Rae8 21. Bd3 b6 22. Rc3 f4
23. gxf4 Qh4 24. Bc4 Rxf4 25. Bxd5+ cxd5 26. Kh1 Rf5 $17) 20... Rae8 $4 {
A polite gesture by Azma!} ({Black could simply have won a pawn by} 20... Qg6
$1 21. f3 Bxa2 $19) 21. Bc4 Bxc4 {I had to accept the draw especially after my
two previous moves.} (21... Bxc4 22. Qxc4+ Qf7 $11) 1/2-1/2

[Event "St Petersburg op2"]
[Site "St Petersburg"]
[Date "1994.??.??"]
[Round "2"]
[White "Zvjaginsev, Vadim"]
[Black "Cherepkov, Alexander V"]
[Result "1-0"]
[WhiteElo "2585"]
[BlackElo "2410"]
[Annotator "Belov,I"]
[PlyCount "85"]
[EventDate "1994.10.??"]
[EventType "swiss"]
[EventRounds "9"]
[EventCountry "RUS"]
[SourceTitle "CBM 043 Extra"]
[Source "ChessBase"]
[SourceDate "1995.01.01"]
[SourceVersion "1"]
[SourceVersionDate "1995.01.01"]
[SourceQuality "1"]

1. d4 Nf6 2. c4 e6 3. Nc3 d5 4. Nf3 Be7 5. Bg5 O-O 6. e3 h6 7. Bh4 Ne4 8. Bxe7
Qxe7 9. Rc1 (9. cxd5 Nxc3 10. bxc3 exd5 11. Qb3 Rd8 12. c4 dxc4 13. Bxc4 Nc6
14. Be2 b6 $1 15. O-O Bb7 16. Rac1 Na5 17. Qb2 Rac8 $10 {Kramnik,V-Lutz,Ch/BRD/
1994/1:0/55/}) (9. Qc2 Nxc3 10. Qxc3 dxc4 11. Bxc4 b6 12. O-O Bb7 13. Be2 c5
14. dxc5 Rc8 15. b4 bxc5 16. b5 $14 {Huebner,R-Yusupov,A/Munchen/1993/0,5/59/})
9... Nxc3 10. Rxc3 c6 11. Be2 (11. Bd3 dxc4 12. Rxc4 Nd7 13. Bb1 e5 14. Qc2 f5
$13) 11... Nd7 12. O-O dxc4 13. Bxc4 b6 (13... Rd8 14. Bd3 c5 15. Qc2 cxd4 16.
Nxd4 Nf6 17. Rc7 Qd6 18. Rd1 $14 {Sokolov,I-Timoshchenko,G/Maribor/1990/1:0/39/
}) (13... e5 14. Bb3 exd4 (14... Re8 15. Qc2 e4 $6 (15... exd4 $5) 16. Nd2 Nf6
17. Rc5 $14 {Vyzmanavin,A-Klovans,J/Bern/1993/}) 15. exd4 Nf6 16. Re1 Qd6 17.
Ne5 Nd5 18. Rg3 $14 {Karpov,A-Yusupov,A/London(m/8)/1989/1:0/53/}) 14. Qe2 (14.
Bd3 c5 15. Bb5 Rd8 16. Bc6 Rb8 17. Qc2 cxd4 18. Nxd4 e5 19. Nf5 Qf6 20. Rd1 Nc5
$10 {Smyslov,V-Kasparov,G/Vinius(m/6)/1984/}) 14... c5 (14... a5 $5 {
Polugaevsky}) 15. Ba6 (15. Bb5 $5) 15... cxd4 16. Nxd4 (16. exd4 Nf6 17. Rfc1
Bxa6 18. Qxa6 Nd5 $10) 16... Bxa6 17. Qxa6 Nc5 18. Qe2 Qf6 (18... a5 19. Qb5
$16) (18... e5 $5) 19. Qf3 $1 Qxf3 20. gxf3 a5 (20... Rfc8 $5 21. b4 Na4 (21...
Nd7 22. Rfc1) 22. Ra3 Nb2 23. b5 $16) 21. Nc6 $1 $16 f6 (21... Rfe8 22. Rd1
Rac8 23. Rd6 $16) 22. a3 a4 (22... Rf7 23. b4 axb4 24. axb4 Nd7 25. Rd1 $16)
23. Rd1 Kf7 24. Rd6 Rfc8 25. Rc4 $1 Rc7 26. Nd4 Rb7 27. Rb4 Ra6 28. Rb5 e5 $6 (
28... Ke7 $1 29. Rc6 Kd7 30. Rbxc5 bxc5 31. Rxa6 cxd4 32. exd4 Rxb2 $16) 29.
Nf5 g6 (29... Ne6 30. Rc6 Rb8 31. Nd6+ Ke7 32. Rcxb6 Rbxb6 33. Nc8+ $18) 30.
Nxh6+ Ke7 (30... Kg7 $32 31. Ng4 Nd7 $16) 31. Rc6 $18 Nd7 32. Rd5 Ra5 33. Rdd6
Rb5 34. Ng8+ Kf7 35. Nxf6 Nf8 36. Rd2 Ne6 37. Ne4 Ke7 38. Rc4 Ra7 39. Nc3 Rb3
40. Rxa4 Rxa4 41. Nxa4 Ng5 42. Kg2 e4 43. fxe4 1-0

[Event "Chengdu FIDE GP (Women)"]
[Site "Chengdu"]
[Date "2016.07.09"]
[Round "7"]
[White "Javakhishvili, Lela"]
[Black "Khotenashvili, Bela"]
[Result "1/2-1/2"]
[WhiteElo "2487"]
[BlackElo "2454"]
[Annotator "Besenthal,K"]
[PlyCount "62"]
[EventDate "2016.07.02"]
[EventType "tourn"]
[EventRounds "11"]
[EventCountry "CHN"]
[EventCategory "11"]
[SourceTitle "CBM 174"]
[Source "ChessBase"]
[SourceDate "2016.09.13"]
[SourceVersion "1"]
[SourceVersionDate "2016.09.13"]
[SourceQuality "1"]

1. d4 d5 2. c4 e6 3. Nc3 Be7 4. Nf3 Nf6 5. Bg5 O-O 6. e3 h6 7. Bh4 Ne4 8. Bxe7
Qxe7 9. Rc1 c6 10. Bd3 Nxc3 11. Rxc3 dxc4 12. Bxc4 Nd7 13. O-O e5 14. dxe5 Nxe5
15. Nxe5 Qxe5 16. Qc2 Bf5 17. Bd3 Bxd3 18. Rxd3 Rad8 19. Rfd1 Rxd3 20. Rxd3 Qa5
21. h3 Qxa2 22. Ra3 Qd5 23. Rxa7 c5 24. e4 {Die Partie wurde von den beiden
Damen in Rekordzeit "abgespult"; dies ist der erste neue Zug.} ({Oder} 24. Ra5
b6 25. Ra7 Rd8 26. Kh2 Ra8 27. Rxa8+ Qxa8 28. Kg3 Qc6 29. e4 g6 30. Kf3 Qf6+
31. Ke2 {1/2-1/2 (31) Wojtaszek,R (2721)-Alekseev,E (2673) Lublin 2011}) 24...
Qc6 25. Ra3 Re8 26. Re3 Rd8 27. Rc3 b6 28. b4 Re8 29. bxc5 bxc5 30. Rxc5 Qxe4
31. Qxe4 Rxe4 1/2-1/2

[Event "Olympiad-31"]
[Site "Moscow"]
[Date "1994.12.09"]
[Round "8.4"]
[White "Anastasian, Ashot"]
[Black "Miladinovic, Igor"]
[Result "0-1"]
[WhiteElo "2540"]
[BlackElo "2500"]
[Annotator "Chekhov,V"]
[PlyCount "80"]
[EventDate "1994.12.01"]
[EventType "team-swiss"]
[EventRounds "14"]
[EventCountry "RUS"]
[SourceTitle "CBM 045"]
[Source "ChessBase"]
[SourceDate "1995.04.01"]
[SourceVersion "1"]
[SourceVersionDate "1995.04.01"]
[SourceQuality "1"]
[WhiteTeam "Armenia"]
[BlackTeam "Serbia & Montenegro"]
[WhiteTeamCountry "ARM"]
[BlackTeamCountry "YUG"]

1. d4 d5 2. Nf3 Nf6 3. c4 e6 4. Nc3 Be7 5. Bg5 O-O 6. e3 h6 7. Bh4 Ne4 8. Bxe7
Qxe7 9. Rc1 Nxc3 10. Rxc3 c6 11. Bd3 Nd7 12. O-O (12. cxd5 $5 exd5 13. O-O Re8
(13... Nf6 14. Ne5 $16 {Yusupov/}) 14. Qb1 Nf6 15. b4 Ne4 16. Bxe4 dxe4 17. Nd2
Be6 18. Rfc1 Bd5 19. b5 Rad8 {Nikolic,P-Yusupov,A/Horgen/1994/0,5/48/} 20. bxc6
bxc6 21. Rc5 $1 $14 {Yusupov/}) 12... dxc4 (12... e5 $5 13. dxe5 (13. cxd5 e4
14. dxc6 bxc6 15. Be2 exf3 16. Bxf3 Bb7 17. Bxc6 Bxc6 18. Rxc6 $13) 13... dxc4
14. Bxc4 Nxe5 15. Nxe5 Qxe5 $10) 13. Bxc4 e5 14. Bb3 e4 $5 (14... exd4 15. exd4
Nf6 16. Re1 Qd6 17. Ne5 Nd5 (17... Bf5 $2 18. Rf3 $2 {Kasparov,G-Benjamin,J/
Horgen/1994/0,5/58/} (18. Nxf7 $1 Rxf7 19. Bxf7+ Kxf7 20. Qb3+ Kf8 21. Qxb7 $16
)) (17... Be6 18. Bxe6 fxe6 19. Rg3 $14) 18. Rg3 Bf5 19. Qh5 $16 {Karpov,
A-Yusupov,A/London(m/8)/1989/1:0/53/}) 15. Nd2 Nf6 16. Qc2 (16. Rc5 $5 Bg4 17.
Qb1 Nd7 18. Rc3 Rae8 (18... Nf6 19. Rfc1 $14) (18... Be2 $6 19. Rfc1 Bd3 20.
Bc2 Bxc2 21. Qxc2 Nf6 (21... f5 $2 22. Qb3+) 22. Rc5 $16) 19. Qxe4 Qxe4 20.
Nxe4 Rxe4 21. f3 Bxf3 22. gxf3 $14) 16... Bg4 17. Re1 $6 Nd5 $1 18. Bxd5 cxd5
19. Rc1 $6 (19. Rf1 Rac8 20. f3 exf3 21. Nxf3 Qxe3+ $1 $19) (19. Rc7 Rfc8 20.
Rc1 Rxc7 21. Qxc7 Qxc7 22. Rxc7 Rc8 23. Rxc8+ Bxc8 24. Nb1 Bd7 25. Nc3 Bc6 $10)
19... Qg5 $36 20. Kf1 (20. Rc7 Bh3 21. g3 Rfc8 22. Qd1 b6 $15) 20... Rad8 $5
21. Rc7 Rd6 22. h3 $2 (22. Rxb7 Rf6 23. Kg1 $1 $8 Bh3 24. g3 h5 $36 (24... Qf5
25. f3)) 22... Bf5 $17 23. Qc5 (23. Rxb7 Rg6 $40) 23... Rg6 24. g4 Be6 25. Kg2
(25. Qe7 Rf6) (25. Rxb7) (25. Rxb7 h5 $19) 25... h5 26. Qe7 hxg4 (26... Rf6 $1)
27. h4 (27. Qxg5 gxh3+ 28. Kh2 Rxg5 29. Rg1 Rxg1 30. Kxg1 Rc8 31. Rxb7 Rc1+ 32.
Kh2 Rc2 $19) 27... Qf5 $19 28. Kg3 Rf6 29. Rf1 Qg6 30. Rh1 Qf5 (30... Rf3+ $2
31. Nxf3 gxf3+ 32. Qg5 $18) 31. Rh2 Rc8 32. Rxc8+ (32. Rxb7 Rc1 33. Rb8+ Kh7
34. Qe8 Rg1+ $19) 32... Bxc8 33. Qe5 Qd7 34. Rh1 Rf5 35. Qb8 Qc6 36. Kg2 (36.
Qxa7 Qd6+ 37. Kg2 Qf6 38. Rf1 Qxh4 39. Qb8 Qh3+ 40. Kg1 Rh5 41. Qxc8+ Kh7 $19)
36... Kh7 37. Rf1 (37. Qxa7 Qf6 38. Rf1 g3 $1 39. fxg3 Rxf1 40. Nxf1 Qf3+ 41.
Kg1 Bh3 $19) 37... b6 38. Nb3 Ba6 39. Rc1 Qf6 40. Rc2 (40. Qg3 Rf3) 40... Rf3 (
40... Rf3 41. Qxa7 Bd3 42. Rd2 Qxh4 $19) 0-1

[Event "Montreal International"]
[Site "Montreal"]
[Date "1979.05.06"]
[Round "18"]
[White "Portisch, Lajos"]
[Black "Spassky, Boris Vasilievich"]
[Result "1/2-1/2"]
[WhiteElo "2640"]
[BlackElo "2640"]
[Annotator "ChessBase"]
[PlyCount "31"]
[EventDate "1979.04.11"]
[EventType "tourn"]
[EventRounds "18"]
[EventCountry "CAN"]
[EventCategory "15"]
[SourceTitle "MCL"]
[Source "ChessBase"]
[SourceDate "1999.07.01"]
[SourceVersion "1"]
[SourceVersionDate "1999.07.01"]
[SourceQuality "1"]

1. c4 e6 2. Nc3 d5 3. d4 Nf6 4. Nf3 Be7 5. Bg5 h6 6. Bh4 Ne4 7. Bxe7 Qxe7 8.
Qc2 (8. cxd5 $1 Nxc3 9. bxc3 exd5 10. Qb3 Qd6 11. e3 O-O 12. c4 $36) 8... Nxc3
9. Qxc3 O-O 10. e3 c6 11. Bd3 (11. cxd5 exd5 12. Bd3 Nd7 13. O-O Nf6 14. b4 $14
) 11... dxc4 12. Bxc4 b6 13. O-O Bb7 14. Be2 Nd7 15. Rac1 c5 16. Rfd1 1/2-1/2